Puto Normal e os supervilões (Registo nº 199758)

Detalhes MARC
000 -Etiqueta do registo
Valores 00707nam 22002293 4500
010 ## - Número ISBN
ISBN 978-989-234-263-4
021 ## - Número do Depósito Legal
Número 441743/18
Código do país Portugal
100 ## - Dados gerais de processamento
Dados gerais 20260107d u||y0pory50 ba
200 ## - Titulo e menção de responsabilidade
Título próprio Puto Normal e os supervilões
Primeira menção de responsabilidade Greg Milward, co-autoria de Chris Smith
Outras menções de responsabilidade ilustrações de Erica Salcedo; tradução de Susana Ferreira
205 ## - Menção da edição
Edição
210 ## - Publicação
Local de publicação Alfragide
Nome do editor Gailivro
Data de publicação 2018
215 ## - Descrição física 
Paginação / Volumes 364, [2] p.
Outras indicações físicas brochado
Dimensões 21 cm
225 ## - Colecção 
Título próprio da colecção Puto Normal
606 ## - Nome comum usado como assunto
ID Autoridade 52
Palavra de ordem Literatura Juvenil Inglesa
675 ## - CDU
Notação 821.111-93
Edição PT
Língua por
700 ## - Autor principal (pessoa individual)
ID Autoridade 14061
Apelido James
Nome Greg
Datas 1985-
701 ## - Co-autor principal (pessoa individual)
ID Autoridade 14062
Apelido Smith
Nome Chris
801 ## - Fonte de origem
País PT
Agência BMMN
Regras de catalogação RPC
830 ## - Notas gerais do catalogador
Criado por Isabel
990 ## - Elementos KOHA
Tipo de documento Livro
Exemplares
Situação do levantamento Biblioteca de origem Código de barras Cota Permissão de empréstimo Tipo de documento Forma de aquisição
  Biblioteca Municipal de Montemor-o-Novo 28762 821.111-93 MIL|AIJ   Livro Oferta

Powered by Koha